|
|
|
|
| LEADER |
01396nam a2200385 a 4500 |
| 001 |
EBC882719 |
| 003 |
MiAaPQ |
| 005 |
20200520144314.0 |
| 006 |
m o d | |
| 007 |
cr cn||||||||| |
| 008 |
120406s2012 nju s 000 0 eng d |
| 010 |
|
|
|z 2012012431
|
| 020 |
|
|
|z 9781118391693 (cloth)
|
| 020 |
|
|
|a 9781118412015 (electronic bk.)
|
| 035 |
|
|
|a (MiAaPQ)EBC882719
|
| 035 |
|
|
|a (Au-PeEL)EBL882719
|
| 035 |
|
|
|a (CaPaEBR)ebr10641839
|
| 035 |
|
|
|a (CaONFJC)MIL422965
|
| 035 |
|
|
|a (OCoLC)826801756
|
| 040 |
|
|
|a MiAaPQ
|c MiAaPQ
|d MiAaPQ
|
| 050 |
|
4 |
|a HB615
|b .C657 2012
|
| 082 |
0 |
4 |
|a 658
|2 23
|
| 100 |
1 |
|
|a Cornish, Robert.
|
| 245 |
1 |
0 |
|a What works
|h [electronic resource] /
|c Robert Cornish, Wil Seabrook.
|
| 260 |
|
|
|a Hoboken, N.J. :
|b Wiley,
|c 2012.
|
| 300 |
|
|
|a xiv, 169 p.
|
| 505 |
0 |
|
|a Introduction -- On sales -- On operations -- On focus -- On marketing -- Conclusion -- Acknowledgements -- About the authors.
|
| 533 |
|
|
|a Electronic reproduction. Ann Arbor, MI : ProQuest, 2015. Available via World Wide Web. Access may be limited to ProQuest affiliated libraries.
|
| 650 |
|
0 |
|a Entrepreneurship.
|
| 650 |
|
0 |
|a Strategic planning.
|
| 650 |
|
0 |
|a Industrial management.
|
| 655 |
|
4 |
|a Electronic books.
|
| 700 |
1 |
|
|a Seabrook, Wil.
|
| 710 |
2 |
|
|a ProQuest (Firm)
|
| 856 |
4 |
0 |
|u https://ebookcentral.proquest.com/lib/matrademy/detail.action?docID=882719
|z Click to View
|